00374 2200145 4500001002100000008004100021035002000062245002100082100001900103260002800122300002000150082001500170650003000185990001300215INLIS000000000000682 ind  a0010-0322000682 aSI LANCANGcIKHA aGIBRAN MAULANA aSURABAYAbCAHAYA AGENCY a24 hlm.c19 cm. a398.395 98 aCERITA RAKYAT - INDONESIA a102834-1